<?xml version="1.0" encoding="UTF-8"?><?xml-stylesheet type="text/xsl" href="static/style.xsl"?><OAI-PMH xmlns="http://www.openarchives.org/OAI/2.0/" xmlns:xsi="http://www.w3.org/2001/XMLSchema-instance" xsi:schemaLocation="http://www.openarchives.org/OAI/2.0/ http://www.openarchives.org/OAI/2.0/OAI-PMH.xsd"><responseDate>2026-04-29T15:00:32Z</responseDate><request verb="GetRecord" identifier="oai:riubu.ubu.es:10259/11009" metadataPrefix="marc">https://riubu.ubu.es/oai/request</request><GetRecord><record><header><identifier>oai:riubu.ubu.es:10259/11009</identifier><datestamp>2025-10-30T01:05:39Z</datestamp><setSpec>com_10259_5238</setSpec><setSpec>com_10259_5086</setSpec><setSpec>com_10259_2604</setSpec><setSpec>col_10259_6212</setSpec></header><metadata><record xmlns="http://www.loc.gov/MARC21/slim" xmlns:doc="http://www.lyncode.com/xoai" xmlns:xsi="http://www.w3.org/2001/XMLSchema-instance" xmlns:dcterms="http://purl.org/dc/terms/" xsi:schemaLocation="http://www.loc.gov/MARC21/slim http://www.loc.gov/standards/marcxml/schema/MARC21slim.xsd">
<leader>00925njm 22002777a 4500</leader>
<datafield tag="042" ind1=" " ind2=" ">
<subfield code="a">dc</subfield>
</datafield>
<datafield tag="720" ind1=" " ind2=" ">
<subfield code="a">García Torea, Nicolás</subfield>
<subfield code="e">author</subfield>
</datafield>
<datafield tag="720" ind1=" " ind2=" ">
<subfield code="a">Luque Vílchez, Mercedes</subfield>
<subfield code="e">author</subfield>
</datafield>
<datafield tag="260" ind1=" " ind2=" ">
<subfield code="c">2025-05</subfield>
</datafield>
<datafield tag="520" ind1=" " ind2=" ">
<subfield code="a">This commentary reflects on the implications of Spain’s regulatory sustainability&#xd;
reporting environment that originates from the Corporate Sustainability&#xd;
Reporting Directive. It identifies four major shifts that the Directive’s&#xd;
transposition will induce in corporate reporting practices: (1) the expansion in the&#xd;
number of companies required to report sustainability information and its&#xd;
subsequent influence on non-mandated firms, (2) the compulsory adoption of the&#xd;
European Sustainability Reporting Standards, (3) the requirement for the&#xd;
assurance of sustainability information, and (4) the digital tagging of&#xd;
sustainability disclosures. Each of these changes presents challenges for entities&#xd;
within the scope of the Spanish transposition. Viewed from a normativity&#xd;
perspective, the commentary examines how prior practices among Spanish&#xd;
companies and the historical context of sustainability reporting regulations might&#xd;
shape these challenges and the strategies companies may employ to address them,&#xd;
which are crucial for the emergence of norms from SR regulation. Additionally,&#xd;
the commentary identifies several areas for further academic research arising&#xd;
from these four changes. Beyond its implications for future research, the current&#xd;
sustainability regulatory landscape also highlights the need for academia to&#xd;
actively promote and engage in sustainability accounting and reporting education.</subfield>
</datafield>
<datafield tag="024" ind2=" " ind1="8">
<subfield code="a">0969-160X</subfield>
</datafield>
<datafield tag="024" ind2=" " ind1="8">
<subfield code="a">https://hdl.handle.net/10259/11009</subfield>
</datafield>
<datafield tag="024" ind2=" " ind1="8">
<subfield code="a">10.1080/0969160X.2025.2510205</subfield>
</datafield>
<datafield tag="024" ind2=" " ind1="8">
<subfield code="a">2156-2245</subfield>
</datafield>
<datafield ind1=" " ind2=" " tag="653">
<subfield code="a">Sustainability reporting</subfield>
</datafield>
<datafield ind1=" " ind2=" " tag="653">
<subfield code="a">EU regulation</subfield>
</datafield>
<datafield ind1=" " ind2=" " tag="653">
<subfield code="a">Spain</subfield>
</datafield>
<datafield ind1=" " ind2=" " tag="653">
<subfield code="a">Education</subfield>
</datafield>
<datafield tag="245" ind1="0" ind2="0">
<subfield code="a">The EU Sustainability Reporting Mandate in Spain: Challenges and Opportunities for Practice and Academia</subfield>
</datafield>
</record></metadata></record></GetRecord></OAI-PMH>